Pechatka /

Saved in:
书目详细资料
主要作者: Antonenko-Davydovych, Borys, pseud.
其他作者: Chub, Dmytro, pseud., Chub, Dmytro.
格式: 图书
语言:Ukrainian
出版: Melʹborn, Avstralii͡a : V-vo "Lastivka," 1979.
主题:
标签: 添加标签
没有标签, 成为第一个标记此记录!
LEADER 00851cam a2200289 a 4500
001 000956830-1
005 20100428134624.0
008 830916s1979 at a 000 1 ukro
010 |a  82246722  
020 |a 0959583718 
020 |a 9780959583717 
035 0 |a ocm10018741 
040 |a DLC  |c DLC  |d OCL  |d AUT  |d OCL  |d OCLCG 
050 0 |a PG3948.A63  |b P4 1979 
082 |a 891.7/98/309 
100 1 |a Antonenko-Davydovych, Borys,  |c pseud. 
245 1 0 |a Pechatka /  |c Borys Antonenko-Davydovych ; peredmova Dm. Chuba. 
246 3 |a Seal 
260 |a Melʹborn, Avstralii͡a :  |b V-vo "Lastivka,"  |c 1979. 
300 |a 85 p. :  |b ill. ;  |c 17 cm. 
500 |a Title on added t.p.: The seal. 
600 1 0 |a Antonekno-Davydovych, Borys,  |d 1899- 
700 1 |a Chub, Dmytro,  |c pseud. 
700 1 |a Chub, Dmytro. 
740 0 1 |a Seal. 
988 |a 20020608 
906 |0 DLC